000 00842cam a22002897i 4500
999 _c200431268
_d49480
001 200431268
003 TR-AnTOB
005 20190408222115.0
007 ta
008 181023b bn a 000 0 tur d
020 _a9789958630859
040 _aTR-AnTOB
_beng
_erda
_cTR-AnTOB
_dTR-AnTOB
041 0 _abos
_heng
050 1 4 _aDR1662
090 _aDR1662
_b.C53 2006
100 1 _aClancy, Tim
_eauthor
_9122348
245 _aPeople and places :
_bBosnia and Herzegovina /
_cTim Clancy.
264 _aSarajevo :
_bGreen visions,
_c2006.
300 _a129 pages :
_billustrations ;
_c23 cm
336 _2rdacontent
_atext
_btxt
337 _2rdamedia
_aunmediated
_bn
338 _2rdacarrier
_avolume
_bnc
651 0 _aBosnia and Herzegovina
_vPictorial works
_9122349
942 _2lcc
_cBK